| 000 | 01048nas a2200349 4500 | ||
|---|---|---|---|
| 001 | BR2012002128 | ||
| 003 | BR-BrBNA | ||
| 005 | 20231205120339.0 | ||
| 007 | ta | ||
| 008 | 230509b bl.|||p| |||| 00| 00por d | ||
| 040 |
_aBR-BrBNA _bpor _cBiblioteca Nacional de Agricultura |
||
| 041 | _a(Pt) | ||
| 072 | _aL02; Q55 | ||
| 100 | 1 | _aPompeu, M.A. | |
| 100 | 1 | _aLara, L.J.C. | |
| 100 | 1 | _aBaião, N.C. | |
| 100 | 1 | _aEcco, R. | |
| 100 | 1 | _aCançado, S.V. | |
| 100 | 1 | _aRocha, J.S.R. | |
| 100 | 1 | _aMachado, A.L.C. | |
| 100 | 1 | _aVasconcelos, R.J.C. | |
| 245 | 1 | _aSuplementação de colina em dietas para frangos de corte machos na fase inicial de criação | |
| 650 | _aFRANGO DE CORTE | ||
| 650 | _aCOLINA | ||
| 650 | _aSUPLEMENTO ALIMENTAR | ||
| 650 | _aDIETA | ||
| 650 | _aPERFORMANCE | ||
| 650 | _aFÍGADO | ||
| 773 | 0 |
_tArquivo Brasileiro de Medicina Veterinária e Zootecnia (Brazil) _xISSN 0102-0935 _g(Dec 2011), v. 63(6) p. 1446-1452 _wBR2012002128 |
|
| 909 |
_a202311 _bLúcia _c55 _dLúcia Elande |
||
| 942 |
_2AGRIS _n0 _cANA |
||
| 999 |
_c218063 _d218063 |
||